[Event "HUN-chT2 Toth 0708"]
[Site "Hungary"]
[Date "2007.11.25"]
[Round "3"]
[White "Olah, Janos"]
[Black "Boka, Zoltan"]
[Result "1/2-1/2"]
[WhiteElo "2025"]
[BlackElo "1962"]
[PlyCount "72"]
[EventDate "2007.10.14"]
[EventType "team"]
[EventRounds "11"]
[EventCountry "HUN"]
[SourceTitle "EXT 2009"]
[Source "ChessBase"]
[SourceDate "2008.11.26"]
[SourceVersion "1"]
[SourceVersionDate "2008.11.26"]
[SourceQuality "1"]
[WhiteTeam "Maroczy II"]
[BlackTeam "Szentes"]
[WhiteTeamCountry "HUN"]
[BlackTeamCountry "HUN"]

1. e4 c5 2. d3 Nc6 3. f4 e6 4. Nf3 d6 5. g3 g6 6. Bg2 Bg7 7. 0-0 Nge7 8. c3 0-0 9. Na3 Rb8 10. c4 a6 11. Rb1 Nb4 12. Qb3 Nec6 13. Ra1 Bd7 14. Re1 Nd4 15. Nxd4 Bxd4+ 16. Kh1 Qe8 17. Qd1 Qd8 18. Re2 e5 19. h3 Qc8 20. Kh2 f6 21. Be3 b5 22. Bxd4 exd4 23. b3 Re8 24. Nc2 Nxc2 25. Qxc2 b4 26. Rae1 Qc7 27. Qd2 a5 28. e5 dxe5 29. fxe5 Rxe5 30. Rxe5 fxe5 31. Qg5 Re8 32. Qf6 Be6 33. Rxe5 Bf7 34. Rxe8+ Bxe8 35. Be4 Bf7 36. h4 Be8 1/2-1/2

[Event "HUN-chT2 Toth 0708"]
[Site "Hungary"]
[Date "2007.11.11"]
[Round "2"]
[White "Turi, Istvan"]
[Black "Boka, Zoltan"]
[Result "1-0"]
[WhiteElo "1929"]
[BlackElo "1962"]
[PlyCount "141"]
[EventDate "2007.10.14"]
[EventType "team"]
[EventRounds "11"]
[EventCountry "HUN"]
[SourceTitle "EXT 2009"]
[Source "ChessBase"]
[SourceDate "2008.11.26"]
[SourceVersion "1"]
[SourceVersionDate "2008.11.26"]
[SourceQuality "1"]
[WhiteTeam "Bajai"]
[BlackTeam "Szentes"]
[WhiteTeamCountry "HUN"]
[BlackTeamCountry "HUN"]

1. e4 c5 2. Nf3 e6 3. d4 cxd4 4. Nxd4 a6 5. Nc3 Qc7 6. Be2 Bb4 7. Bd2 Nf6 8. f3 0-0 9. a3 Ba5 10. Nb3 Bb6 11. Bg5 Nc6 12. Bxf6 gxf6 13. Qd2 Ba7 14. 0-0-0 b5 15. Qh6 Qe5 16. h4 Rd8 17. Kb1 f5 18. exf5 Be3 19. Qh5 Qg7 20. fxe6 fxe6 21. Bd3 Rf8 22. Rhe1 Bb6 23. Re2 Rf6 24. Nd2 Rh6 25. Qe8+ Qf8 26. Qxf8+ Kxf8 27. Re4 Bc7 28. Rh1 d5 29. Re2 Nd4 30. Ree1 Bg3 31. Ref1 Ra7 32. h5 Bf4 33. Kc1 Bg3 34. Rh3 Rg7 35. Ne2 Nxe2+ 36. Bxe2 e5 37. Rhh1 Bf4 38. g4 Ke7 39. Kd1 Kd6 40. Bd3 Bb7 41. Bf5 Bc6 42. b4 Bg5 43. Ke2 Ra7 44. Rd1 Ke7 45. Kd3 Rc7 46. Nb3 Rf6 47. Rhe1 Kd6 48. Nc5 a5 49. Ke2 d4 50. Be4 Ke7 51. Bxc6 Rfxc6 52. Kd3 Kf6 53. Ne4+ Kg7 54. Nxg5 Rc3+ 55. Ke4 Kf6 56. f4 Re7 57. Nxh7+ Rxh7 58. fxe5+ Kg5 59. Kxd4 axb4 60. axb4 Rxc2 61. e6 Rc4+ 62. Kd5 Kf6 63. Kd6 Rc8 64. e7 Re8 65. Rf1+ Kg5 66. Rde1 Rhh8 67. Re4 Rhg8 68. Rf5+ Kh6 69. Re6+ Kh7 70. g5 Rg7 71. Rxb5 1-0